Program design
Αποθηκεύτηκε σε:
| Κύριος συγγραφέας: | |
|---|---|
| Μορφή: | Βιβλίο |
| Γλώσσα: | English |
| Δημοσίευση: |
New York :
Prentice Hall,
c1990
|
| Έκδοση: | 3rd ed |
| Θέματα: | |
| Ετικέτες: |
Προσθήκη ετικέτας
Δεν υπάρχουν, Καταχωρήστε ετικέτα πρώτοι!
|
MARC
| LEADER | 00000cam a2200000 i 4500 | ||
|---|---|---|---|
| 001 | 1/63495 | ||
| 008 | 941103s1990 eng d | ||
| 020 | |a 0137289162 | ||
| 035 | |l 10046798 | ||
| 035 | |a 1993 |c ΠΑΝΑΓΙΩΤΟΠΟΥΛΟΣ | ||
| 040 | |a GR-MY-UA |b gre |e aacr | ||
| 041 | 0 | |a eng | |
| 082 | 0 | |a 005.12 |2 (20) | |
| 100 | 1 | |a Juliff, Peter Laurence |d 1938- | |
| 245 | 1 | 0 | |a Program design / |c Peter Juliff |
| 250 | |a 3rd ed | ||
| 260 | |a New York : |b Prentice Hall, |c c1990 | ||
| 300 | |a x, 340 p.; |b ill.; |c 24 cm | ||
| 500 | |a Includes index | ||
| 650 | 0 | 0 | |a Computer programming. |
| 650 | 0 | 0 | |a Structured programming. |
| 852 | |a INST |b SAMOS |e 19941103 |h 005.12 JUL |p 005300003601 |q 005300003601 |t BK |y 0 | ||
| 909 | |a Σ |b 029456 | ||